Champions League final losers - Statistics

General Stats
  • This quiz has been taken 15 times
  • The average score is 4 of 32
Answer Stats
Hint Answer % Correct
7 Juventus
92%
5 Bayern Munich
69%
5 Benfica
46%
4 AC Milan
38%
3 Atletico Madrid
38%
3 Barcelona
38%
2 Liverpool
23%
2 Valencia
23%
2 Internazionale
15%
2 Manchester United
15%
2 Ajax
8%
1 Arsenal
8%
1 Borussia Dortmund
8%
1 Celtic
8%
1 Chelsea
8%
1 Hamburg
8%
1 Bayer Leverkusen
0%
1 Borussia Monchengladbach
0%
1 Club brugge
0%
1 Eintracht Frankfurt
0%
1 Fiorentina
0%
1 Leeds United
0%
1 Malmo FF
0%
1 Marseille
0%
1 Monaco
0%
1 Panathinaikos
0%
1 Partizan
0%
2 Reims
0%
1 Roma
0%
1 Saint-Etienne
0%
1 Sampdoria
0%
1 Steaua Bucharest
0%
No matching quizzes found
Score Distribution
Percent of People with Each Score
Percentile by Number Answered
Your Score History
You have not taken this quiz